000 00843nam a2200265 a 4500
001 6374
003 BD-RjUL
005 20211208234231.0
008 161122s1980 nyu b 001 0 eng
020 _a0070651590
035 _a(BD-RjUL)6414
040 _aDLC
_cDLC
_dDLC
_dBD-RjUL
_beng
041 _aeng
082 0 0 _a005.133
_bTRS 1980
_223
100 1 _aTremblay, Jean-Paul,
_d1938-
_920083
245 1 0 _aStructured PASCAL /
_cJean-Paul Tremblay, Richard B. Bunt, Lyle M. Opseth.
260 _aNew York :
_bMcGraw-Hill,
_cc1980.
300 _axiii, 408 p. :
_bill. ;
_c28 cm.
500 _aIncludes Index
650 0 _aPascal (Computer program language)
_91014
650 0 _aStructured programming.
_91910
700 1 _aBunt, Richard B.,
_d1946-
_ejoint author.
_920084
700 1 _aOpseth, Lyle M.,
_ejoint author.
_920085
942 _2ddc
_cBK
999 _c6374
_d6374